Background and Foreground: (Record no. 13141)
[ view plain ]
| 000 -LEADER | |
|---|---|
| fixed length control field | 00894cam a22002531 4500 |
| 001 - CONTROL NUMBER | |
| control field | 9831217 |
| 005 - DATE AND TIME OF LATEST TRANSACTION | |
| control field | 20050507153816.0 |
| 008 - FIXED-LENGTH DATA ELEMENTS--GENERAL INFORMATION | |
| fixed length control field | 720504s1960 nyu | 000 0 eng d |
| 010 ## - LIBRARY OF CONGRESS CONTROL NUMBER | |
| LC control number | 60015693 |
| 035 ## - SYSTEM CONTROL NUMBER | |
| System control number | (OCoLC)301123 |
| 040 ## - CATALOGING SOURCE | |
| Original cataloging agency | DLC |
| Transcribing agency | OUrC |
| Modifying agency | OCoLC |
| -- | KMK |
| -- | DLC |
| 042 ## - AUTHENTICATION CODE | |
| Authentication code | premarc |
| 050 00 - LIBRARY OF CONGRESS CALL NUMBER | |
| Classification number | AC5 |
| Item number | .N48 |
| 082 ## - DEWEY DECIMAL CLASSIFICATION NUMBER | |
| Classification number | 081 |
| Edition number | 22 |
| Item number | NEW |
| 130 0# - MAIN ENTRY--UNIFORM TITLE | |
| Uniform title | New York times. |
| 9 (RLIN) | 10385 |
| 245 10 - TITLE STATEMENT | |
| Title | Background and Foreground: |
| Remainder of title | An Anthology of Articles from the New York Times Magazine/ |
| Statement of responsibility, etc | Edited with an introd. and notes by Lester Markel. |
| 260 ## - PUBLICATION, DISTRIBUTION, ETC. (IMPRINT) | |
| Place of publication, distribution, etc | Great Neck, N.Y.: |
| Name of publisher, distributor, etc | Channel Press, |
| Date of publication, distribution, etc | 1960 |
| 300 ## - PHYSICAL DESCRIPTION | |
| Extent | 489 p.; |
| Dimensions | 24 cm. |
| 500 ## - GENERAL NOTE | |
| General note | Donated by: Alaa Abdel Ghany |
| 630 00 - SUBJECT ADDED ENTRY--UNIFORM TITLE | |
| Uniform title | New York Times. |
| 9 (RLIN) | 10386 |
| 700 1# - ADDED ENTRY--PERSONAL NAME | |
| Personal name | Markel, Lester, |
| Dates associated with a name | 1894- |
| Relator term | ed. |
| 9 (RLIN) | 10387 |
| 942 ## - ADDED ENTRY ELEMENTS (KOHA) | |
| Source of classification or shelving scheme | Dewey Decimal Classification |
| Item type | Book - Borrowing |
| Withdrawn status | Item status | Source of classification or shelving scheme | Damaged status | Not for loan | Vendor | Home library | Current library | Shelving location | Date acquired | Source of acquisition | Total Checkouts | Full call number | Barcode | Date last seen | Koha item type |
|---|---|---|---|---|---|---|---|---|---|---|---|---|---|---|---|
| Dewey Decimal Classification | Central Library | Central Library | Lower Floor | 17/01/2010 | 081 NEW | 000019450 | 15/07/2025 | Book - Borrowing |